Most Obese Countries on Each Continent - Statistics

General Stats
  • This quiz has been taken 69 times
  • The average score is 23 of 37
Answer Stats
Continent Rate Answer % Correct
North America 42.9 United States
97%
North America 36.1 Mexico
92%
South America 36.0 Argentina
89%
South America 28.8 Brazil
89%
South America 39.5 Chile
80%
Oceania 61.2 Samoa
78%
Oceania 72.5 Tonga
75%
South America 28.0 Guyana
73%
South America 34.7 Uruguay
73%
Oceania 63.9 Tuvalu
72%
Africa 43.0 Egypt
70%
South America 29.0 Suriname
70%
North America 47.6 Bahamas
69%
Africa 30.0 South Africa
69%
Oceania 46.2 Kiribati
66%
Oceania 47.3 Marshall Islands
66%
Oceania 70.7 Nauru
66%
Europe 36.4 Hungary
63%
North America 36.1 Panama
63%
Europe 38.2 Romania
63%
North America 38.2 Barbados
61%
Asia 43.8 Qatar
61%
North America 46.6 Saint Kitts and Nevis
61%
Asia 41.4 Saudi Arabia
61%
Asia 45.2 Kuwait
59%
Africa 36.2 Libya
59%
Europe 33.7 Greece
58%
Europe 31.4 Poland
58%
North America 41.9 Belize
56%
Africa 28.3 Tunisia
53%
Asia 37.4 Iraq
52%
Europe 34.6 Malta
52%
Asia 37.2 Bahrain
45%
Europe 35.7 Croatia
39%
Africa 30.3 Seychelles
36%
Asia 38.9 Georgia
30%
Africa 27.3 Eswatini
27%
No matching quizzes found
Score Distribution
Percent of People with Each Score
Percentile by Number Answered
Your Score History
You have not taken this quiz